LEADER 01396nam 2200445 450 001 9910794376103321 005 20220529114102.0 010 $a84-1324-786-1 035 $a(CKB)4100000011379547 035 $a(MiAaPQ)EBC6484114 035 $a(Au-PeEL)EBL6484114 035 $a(OCoLC)1193320358 035 $a(MiAaPQ)EBC6776792 035 $a(OCoLC)1226773559 035 $a(FINmELB)ELB147507 035 $a(EXLCZ)994100000011379547 100 $a20220529d2020 uy 0 101 0 $aspa 135 $aurcnu|||||||| 181 $ctxt$2rdacontent 182 $cc$2rdamedia 183 $acr$2rdacarrier 200 10$aTarjetas de cre?dito revolving o rotativos $ela usura y el control de transparencia /$fAna Isabel Berrocal Lanzarot 210 1$aMadrid :$cDykinson, S.L.,$d[2020] 210 4$dİ2020 215 $a1 online resource (348 pages) 225 1 $aColeccio?n Consumo y Dan?os a la Persona. Monografi?as Iure Licet 311 $a84-1324-776-4 410 0$aColeccio?n Consumo y Dan?os a la Persona. Monografi?as Iure Licet. 606 $aCredit cards 615 0$aCredit cards. 676 $a332.765 700 $aBerrocal Lanzarot$b Ana$01231426 801 0$bMiAaPQ 801 1$bMiAaPQ 801 2$bMiAaPQ 906 $aBOOK 912 $a9910794376103321 996 $aTarjetas de cre?dito revolving o rotativos$93797375 997 $aUNINA